000 02060nam a2200433Ia 4500
001 ebr10155184
003 CaPaEBR
006 m u
007 cr cn|||||||||
008 051011s2005 ne a sb 001 0 eng d
020 _z9789085940043
024 3 _z9789085940043
040 _aCaPaEBR
_cCaPaEBR
035 _a(OCoLC)228146815
050 1 4 _aNA9053.S6
_bS55 2005eb
245 0 0 _aShifting sense
_h[electronic resource] :
_blooking back to the future in spatial planning /
_cE.D. Hulsbergen, I.T. Klaasen, I. Kriens (eds.) ; [translation and language editing, Susan M. van der Werff-Woolhouse].
246 3 _aShifting sense in spatial planning
246 1 _iAt head of title :
_aFaculty of Architecture, Delft University of Technology
260 _aAmsterdam, The Netherlands :
_bTechne Press,
_c2005.
300 _a403 p. :
_bill.
490 1 _aDesign, science, planning
500 _a"Produced within the frame of the research programme of the Delft Centre for Sustainable Urban Areas and financed by the Chair of Spatial Planning and the Dean of the Faculty of Architecture, Delft University of Technology, The Netherlands"--T.p. verso.
504 _aIncludes bibliographical references and index.
533 _aElectronic reproduction.
_bPalo Alto, Calif. :
_cebrary,
_d2009.
_nAvailable via World Wide Web.
_nAccess may be limited to ebrary affiliated libraries.
650 0 _aSpace (Architecture)
650 0 _aCity planning.
650 0 _aMetropolitan areas.
650 0 _aCities and towns.
655 7 _aElectronic books.
_2local
700 1 _aHulsbergen, Edward.
700 1 _aKlaasen, I. T.
_q(Ina T.)
700 1 _aKriens, I.
_q(Iwan)
700 1 _aWerff-Woolhouse, Susan M. van der.
710 2 _aTechnische Universiteit Delft.
_bFaculteit Bouwkunde.
710 2 _aDelft Centre for Sustainable Urban Areas.
710 2 _aebrary, Inc.
830 0 _aDesign, science, planning.
856 4 0 _uhttp://site.ebrary.com/lib/rucke/Doc?id=10155184
_zAn electronic book accessible through the World Wide Web; click to view
999 _c93003
_d93003